| 000 | 00916cam a2200229 a 4500 | ||
|---|---|---|---|
| 001 | 000006627 | ||
| 005 | 20200929153948.0 | ||
| 008 | 930223s1992 ck a b 000 0aspa | ||
| 040 |
_aDO-SdBNP _bspa _cBNPHU |
||
| 082 |
_aC866.3 _bI59e, 1992 |
||
| 110 | 2 |
_aInstituto Caro y Cuervo _918393 |
|
| 245 | 1 | 0 |
_aEpistolario de Rufino José Cuervo con corresponsales hispanoamericanos / _cedición, presentación y notas Mario Germán Romero. |
| 260 |
_aSantafé de Bogotá : _bInstituto Caro y Cuervo, _c1992. |
||
| 300 |
_a2 v. : _bil. ; _c24 cm. |
||
| 490 | 1 |
_aArchivo Epistolar Colombiano _v22, 23 |
|
| 600 | 1 | 0 |
_aCUERVO, RUFINO JOSÉ, _d1844-1911 _xCORRESPONDENCIA _918380 |
| 650 | 4 |
_aAutores colombianos _ySIGLO XIX _xCorrespondencia _918381 |
|
| 650 | 4 |
_aLiteratura colombiana _ySIGLO XIX _918383 |
|
| 700 | 1 |
_aRomero, Mario Germán, _eed. _918394 |
|
| 830 | 0 |
_aArchivo Epistolar Colombiano, _v22, 23 _918385 |
|
| 049 | _aBNGR | ||
| 999 |
_c6417 _d6417 |
||